An archaeological survey of proposed system improvements for the Alto Rural Water Supply Corporation in southeast Cherokee County, Texas /

Bibliographic Details
Main Author: Moore, William E., 1943-
Corporate Authors: Brazos Valley Research Associates, Texas Antiquities Committee
Format: Book
Language:English
Published: Bryan, Tex. : Brazos Valley Research Associates, [2003]
Series:Contract reports (Brazos Valley Research Associates) ; no. 121.
Subjects:

MARC

Tag First Indicator Second Indicator Subfields
LEADER 00000cam a2200000Ia 4500
001 in00002071942
005 20151101184550.0
008 030820s2003 txub b 000 0 eng d
035 |a (OCoLC)ocm52881106 
040 |a TXK  |c TXK  |d OCLCQ  |d TXA  |d UtOrBLW 
043 |a n-us-tx 
049 |a TXAM 
090 |a F392.C44  |b M576 2003 
100 1 |a Moore, William E.,  |d 1943- 
245 1 3 |a An archaeological survey of proposed system improvements for the Alto Rural Water Supply Corporation in southeast Cherokee County, Texas /  |c author and principal investigator, William E. Moore ; prepared by Brazos Valley Research Associates. 
246 3 0 |a Proposed system improvements for the Alto Rural Water Supply Corporation in southeast Cherokee County, Texas 
264 1 |a Bryan, Tex. :  |b Brazos Valley Research Associates,  |c [2003] 
300 |a iv, 12 pages, 18 unnumbered leaves :  |b maps ;  |c 28 cm. 
336 |a text  |b txt  |2 rdacontent 
337 |a unmediated  |b n  |2 rdamedia 
338 |a volume  |b nc  |2 rdacarrier 
490 1 |a Contract report / Brazos Valley Research Associates ;  |v no. 121 
500 |a "Prepared for: Alto Rural Water Supply Corporation." 
500 |a "[Texas] Antiquities [Committee] permit 3126." 
500 |a BVRA project number 03-13."." 
500 |a "This page intentionally left blank"--Leaf [15], Appendix II, 'Archaeological sites in or near the project area.' 
504 |a Includes bibliographical references (leaves 11-12). 
650 0 |a Archaeological surveying  |z Texas  |z Cherokee County. 
650 0 |a Excavations (Archaeology)  |z Texas  |z Cherokee County. 
651 0 |a Cherokee County (Tex.)  |x Antiquities. 
710 2 |a Brazos Valley Research Associates. 
710 2 |a Texas Antiquities Committee. 
830 0 |a Contract reports (Brazos Valley Research Associates) ;  |v no. 121. 
994 |a C0  |b TXA 
948 |a cataloged  |b h  |c 2005/6/27  |d c  |e rrojas 
999 |a MARS 
999 f f |s 2fe1f749-07ba-3c84-850f-3248680ae612  |i 56ac1123-f5b6-3067-af75-f2689fc60019  |t 0 
952 f f |p ric  |a Texas A&M University  |b Rellis Campus  |c Joint Library Facility  |d Remote Storage  |t 0  |e F392.C44 M576 2003  |h Library of Congress classification  |i unmediated -- volume  |m A14828854187 
998 f f |a F392.C44 M576 2003  |t 0  |l Remote Storage